00654nam a2200181 a 450000100060000000300090000600500170001500800410003202000150007304000280008810000210011624500500013726000230018730000100021050501830022065000360040365000330043922979CO-ViMGA20230915231644.0141112s2004 ck r 000 u spa d a9580496889 aCO-ViMGAbspacCO-ViMGA1 aCabezas, Esteban10aLas descabelladas aventuras de julito cabello aColombia : bNorma a114p. aUna explicacion , Asi somos nosotros, El super restaurante, Una mañana feliz, Papa en crisis, La gran berta, Soy un niño malo, La segunda de vacaciones, Un domingo cualquiera14aCUENTOS INFANTILES COLOMBIANOS 14aNIÑOS - CUENTOS INFANTILES